Короткие встречи: сборник рассказов

Bibliographische Detailangaben
1. Verfasser: Шеметов В. И. Владимир Ильич
Zusammenfassung:Каждый из рассказов небольшого сборника, который я представляю вниманию читателей, появился совершенно случайно. Просто однажды появилась острая необходимость облечь в слова впечатления от увиденного, от пережитого. В книгу включены воспоминания о детстве, а также встречах с известными деятелями искусства, в свое время живших в Томске или посетивших его
Sprache:Russisch
Veröffentlicht: Томск, Изд-во ТПУ, 2009
Schlagworte:
Format: Buch
KOHA link:https://koha.lib.tpu.ru/cgi-bin/koha/opac-detail.pl?biblionumber=168544

MARC

LEADER 00000nam0a2200000 4500
001 168544
005 20231101222751.0
010 |a 5982984884  |b 300 экз. 
035 |a (RuTPU)RU\TPU\book\182857 
090 |a 168544 
100 |a 20091029d2009 m y0rusy50 ca 
101 0 |a rus 
102 |a RU 
105 |a a z 000ad 
200 1 |a Короткие встречи  |e сборник рассказов  |f В. И. Шеметов 
210 |a Томск  |c Изд-во ТПУ  |d 2009 
215 |a 152 с.  |c ил. 
316 |5 63413507: 09-7525  |a На форзаце дарственная надпись: "Уважаемый Петр Савельевич. Огромное Вам спасибо за издание книги "Короткие встречи". У Вас замечательный Издательский отдел и хорошие люди в нем трудятся. С уважением выпускник ТПИ 1958 г. В. Шеметов. 07.09.09 г. г. Томск" 
330 |a Каждый из рассказов небольшого сборника, который я представляю вниманию читателей, появился совершенно случайно. Просто однажды появилась острая необходимость облечь в слова впечатления от увиденного, от пережитого. В книгу включены воспоминания о детстве, а также встречах с известными деятелями искусства, в свое время живших в Томске или посетивших его 
600 1 |a Высоцкий  |g Владимир Семенович  |b В. С.  |c русский поэт  |f 1938-1980  |c актер  |c автор и исполнитель песен  |2 stltpush  |3 (RuTPU)RU\TPU\pers\1409 
600 1 |a Суздальский  |b В. И.  |c российский литератор  |c коллекционер  |f 1941-1996  |g Владимир Игоревич  |c краевед  |c историк сцены  |c один из создателей альманаха "Сибирская старина"  |c директор книжного магазина "Букинист" (1974-1996)  |y Томск  |2 stltpush  |3 (RuTPU)RU\TPU\pers\23305 
600 1 |a Штоколов  |b Б. Т.  |c певец  |f 1930-2005  |g Борис Тимофеевич  |2 stltpush  |3 (RuTPU)RU\TPU\pers\24989  |9 11134 
600 1 |a Данилин  |b С. И.  |c скульптор  |f 1919-  |g Сергей Иванович  |2 stltpush  |3 (RuTPU)RU\TPU\pers\24990  |9 11135 
600 1 |a Октябрьская  |b М. В.  |c участница Великой Отечественной войны 1941-1945  |c танкист, Герой Советского Союза  |c в девичестве Гарагуля  |f 1902-1944  |g Мария Васильевна  |2 stltpush  |3 (RuTPU)RU\TPU\pers\18074  |9 6692 
600 1 |a Батеньков  |b Г. С.  |c декабрист  |f 1793-1863  |g Гавриил Степанович  |c подполковник корпуса инженерных путей сообщения  |y Томск  |2 stltpush  |3 (RuTPU)RU\TPU\pers\10328 
600 1 |a Сибирцев  |b Г. Е.  |c врач, инфекционист  |c основатель Томской инфекционной больницы  |f 1875-1952  |g Геннадий Евгеньевич  |y Томск  |2 stltpush  |3 (RuTPU)RU\TPU\pers\18079  |9 6697 
600 1 |a Потанин  |b Г. Н.  |c русский естествоиспытатель  |c путешественник  |f 1835-1920  |g Григорий Николаевич  |2 stltpush  |3 (RuTPU)RU\TPU\pers\11248  |9 2489 
600 1 |a Иванов  |b А. Ф.  |c российский революционный деятель  |f 1882-1918  |g Аркадий Федорович  |y Томск  |2 stltpush  |3 (RuTPU)RU\TPU\pers\12645  |9 3604 
606 1 |a Русская литература   |2 stltpush  |3 (RuTPU)RU\TPU\subj\26373 
610 1 |a проза 
610 1 |a рассказы 
610 1 |a персоналии 
610 1 |a труды учёных ТПУ 
610 1 |a дары автора 
610 1 |a дарственные надписи 
610 1 |a Коллекция ТПУ 
675 |a Р2  |v 3 
700 1 |a Шеметов  |b В. И.  |g Владимир Ильич 
801 1 |a RU  |b 63413507  |c 20091029 
801 2 |a RU  |b 63413507  |c 20210125  |g RCR 
942 |c BK